Entremeses /

Guardado en:
Autor Principal: Cervantes Saavedra, Miguel de
Formato: Libro
Publicado: Buenos Aires : Kapelusz, 1965
Materias:
Etiquetas: Agregar Etiqueta
Sin Etiquetas, Sea el primero en etiquetar este registro!
LEADER 00562nam a22001815a 4500
001 CEM.cems001553
005 20060214000000.0
008 130507s1965##################000#0#####d
003 CEMS
082 0 4 |a 862.3 
100 1 |a Cervantes Saavedra, Miguel de 
245 1 0 |a Entremeses / 
260 |a Buenos Aires :  |b Kapelusz,  |c 1965 
300 |a 120 p. 
505 0 |a Estudio preliminar y notas por Viena Francone.- 
653 |a Literatura 
859 |a CEMS  |b BIB. CEMS - 11 de abril  |h 862.3  |i C337  |p 4098.75  |t Ej.1 
859 |a CEMS  |b BIB. CEMS - Agricultura  |h 862.3  |i C337-3  |p A0344.01  |t Ej.1